Responses for show #1659 - Thursday, November 14, 1991

1991 Tournament of Champions final game 1.

Contestants

Jim Scott, a legal assistant from Columbia, Maryland

Lou Pryor, a lawyer and Seniors Tournament winner from New Canaan, Connecticut

Steve Robin, a marketing consultant from Scottsdale, Arizona

Jeopardy! Round responses

HISTORIC TRIOS
ANNUAL EVENTS
HITS OF THE 1960s
MAGAZINES
WORLD RELIGIONS
ADJECTIVES
    $100 6
Nina, Pinta & Santa Maria

Jim
    $100 21
Virginia

Jim
    $100 1
"Leaving on a Jet Plane"

Steve
    $100 11
Brides

Jim
    $100 12
Islam

Steve
    $100 26
Fastidious

Steve
    $200 7
Bach, Brahms & Beethoven

Jim
    $200 22
Albuquerque

Jim
    $200 2
"Turn! Turn! Turn!"

Lou
    $200 13
America's Cup

Lou
    $200 17
L. Ron Hubbard

Lou
    $200 27
Willowy

Steve
    $300 8
"Liberte, egalite, fraternite"

Jim
    $300 23
Michigan

Steve
    $300 3
"Hang On Sloopy"

Steve
    $300 14
(L: What is Bon Vivant?)

Gourmet

Lou
Triple Stumper
    $300 18
Aztec

Steve
    $300 28
Prehensile

Lou
    $400 9
Estonia, Latvia & Lithuania

Lou
    $400 24
P.T. Barnum

Jim
    $400 4
"Georgy Girl"

Steve
    $400 15
Garbage

Steve
    $400 19
Maui

Triple Stumper
    $400 29
(J: What is bellus?)

Bellum

LouJim
    $500 10
Caesar, Crassus & Pompey

Lou
    $500 25
(we have less than a minute to go...)

Biloxi

Lou
    $500 5
Lesley Gore

Steve
    $800 16
Mirabella

Steve
    $500 20
Sikh

Triple Stumper
    $500 30
(L: What is 7?)
(J: What is 100?)

Six

LouJim
Triple Stumper

Scores at the first commercial break (after clue 14):

Steve Lou Jim
$1,400 $1,000 $700

Scores at the end of the Jeopardy! Round:

Steve Lou Jim
$3,500 $1,900 $500

Double Jeopardy! Round responses

FRENCH LITERATURE
SCIENCE & NATURE
FORESTS
FAMOUS WOMEN
OKLAHOMA
THE CONGRESS
    $200 2
"Les Miserables"

Jim
    $200 26
Iron

Jim
    $200 21
Grand Canyon

Jim
    $200 16
Jeanette MacDonald

Steve
    $200 7
"The Sooner State"

Jim
    $200 1
Robert F. Kennedy

Steve
    $400 11
Jean-Paul Sartre

Jim
    $400 27
Lizards & snakes

Steve
    $400 22
South Carolina

Jim
    $400 17
Pearl S. Buck

Jim
    $400 8
Will Rogers

Jim
    $400 3
Iowa

Jim
    $600 13
Mother Goose tales

Jim
    $600 28
Fish

Lou
    $600 23
Minnesota

Steve
    $600 18
Nell Gwyn

Lou
    $600 9
Oklahoma State University

Lou
    $600 4
Vermont

Lou
    $800 14
Moliere

Lou
    $800 29
Robert Boyle

Lou
    $800 24
Mount Hood

Steve
    $800 19
Norway

Jim
    $800 10
Panhandle

Lou
    $800 5
Florida

Jim
    $1000 15
Voltaire

Lou
    $1000 30
Silica

Steve
    $1000 25
Mark Twain

Jim
    $2,500 20
Valentina Tereshkova

Jim
    $1000 12
Tulsa

Steve
    $1,900 6
Richard Gephardt

Jim

Scores at the end of the Double Jeopardy! Round:

Steve Lou Jim
$7,700 $7,700 $10,900

Final Jeopardy! Round responses

U.S. PRESIDENTS
LouWho are Jefferson & Madison?
$1,400
SteveWho are Jefferson & Madison?
$2,700
JimWho are Jefferson & Madison?
$9,100
Thomas Jefferson & James Madison (both from Virginia)

Final scores:

Steve Lou Jim
$10,400 $9,100 $20,000

Game dynamics:

Coryat scores:

Steve Lou Jim
$7,400 $7,700 $8,500
18 R
(including 1 DD),
0 W
16 R,
2 W
22 R
(including 2 DDs),
2 W

Combined Coryat: $23,600

The J! Archive is created by fans, for fans. The Jeopardy! game show and all elements thereof, including but not limited to copyright and trademark thereto, are the property of Jeopardy Productions, Inc. and are protected under law. This website is not affiliated with, sponsored by, or operated by Jeopardy Productions, Inc. Join the discussion at JBoard.tv.